000
00260nam a2200097Ia 4500
001
1206592
005
20251017105405.0
008
250824s9999 xx 000 0 und d
245
0
_a
HAYATTAN SAHİFELER
_c
HÜSEYİN RAHMİ GÜRPINAR
260
_b
PALET YAYINLARI
999
_c
1206592
_d
1206592